000 00310nam a22001457a 4500
008 221014b ||||| |||| 00| 0 eng d
020 _a9781557980854
041 _aeng
080 _a004
082 _a004
100 _a19.2
101 _aSHK
245 _aMASTERING APA STYLE
_cGELFAND H
942 _2udc
_cBK
999 _c58563
_d58563